<?xml version="1.0" encoding="UTF-8"?>
<record
    xmlns:xsi="http://www.w3.org/2001/XMLSchema-instance"
    xsi:schemaLocation="http://www.loc.gov/MARC21/slim http://www.loc.gov/standards/marcxml/schema/MARC21slim.xsd"
    xmlns="http://www.loc.gov/MARC21/slim">

  <leader>02198    a2200289   4500</leader>
  <controlfield tag="003">OSt</controlfield>
  <controlfield tag="005">20180116192359.0</controlfield>
  <controlfield tag="008">120702t        xxu||||| |||| 00| 0 eng d</controlfield>
  <datafield tag="010" ind1=" " ind2=" ">
    <subfield code="a">  2010513476</subfield>
  </datafield>
  <datafield tag="020" ind1=" " ind2=" ">
    <subfield code="a">9780714848297</subfield>
  </datafield>
  <datafield tag="020" ind1=" " ind2=" ">
    <subfield code="a">0714848298</subfield>
  </datafield>
  <datafield tag="035" ind1=" " ind2=" ">
    <subfield code="a">(OCoLC)ocn154782999</subfield>
  </datafield>
  <datafield tag="040" ind1=" " ind2=" ">
    <subfield code="c">0</subfield>
  </datafield>
  <datafield tag="082" ind1="0" ind2="4">
    <subfield code="a">730.973</subfield>
  </datafield>
  <datafield tag="245" ind1="0" ind2="0">
    <subfield code="a">Unmonumental :</subfield>
    <subfield code="b">the object in the 21st century /</subfield>
    <subfield code="c">[essays by Richard Flood ... [et. al].</subfield>
  </datafield>
  <datafield tag="260" ind1=" " ind2=" ">
    <subfield code="a">London :</subfield>
    <subfield code="b">Phaidon ;</subfield>
    <subfield code="a">New York :</subfield>
    <subfield code="b">New Museum,</subfield>
    <subfield code="c">2007.</subfield>
  </datafield>
  <datafield tag="300" ind1=" " ind2=" ">
    <subfield code="a">216 p. :</subfield>
    <subfield code="b">col. ill. ;</subfield>
    <subfield code="c">30 cm.</subfield>
  </datafield>
  <datafield tag="500" ind1=" " ind2=" ">
    <subfield code="a">"Phaidon in association with New Museum"</subfield>
  </datafield>
  <datafield tag="505" ind1="0" ind2=" ">
    <subfield code="a">Not about Mel Gibson / by Richard Flood -- Sculptures by Alexandra Bircken, John Bock, Carol Bove, Martin Boyce, Tobias Buche, Carlos Bunga, Tom Burr, Abraham Cruzvillegas, Aaron Curry, Sam Durant ; biographies by Sara Reisman -- Ask the dust / by Massimiliano Gioni -- Sculptures by Urs Fischer, Claire Fontaine, Isa Genzken, Rachel Harrison, Elliott Hundley, Gabriel Kuri, Jim Lambie, Nate Lowman, Sarah Lucas, Matthew Monahan -- Unmonumental : going to pieces in the 21st century / by Laura Hoptman -- Sculptures by Kristen Morgin, Manfred Pernice, Anselm Reyle, Marc Andre&#xCC;&#x81; Robinson , Eva Rothschild, Lara Schnitger, Gedi Sibony, Shinique Smith, Nobuko Tsuchiya, Rebecca Warren -- Sculpture : a minor place / by Trevor Smith -- Yesterday's news / by Benjamin Godsill -- A critical glossary of space and sculpture / by Eva Diaz.</subfield>
  </datafield>
  <datafield tag="520" ind1=" " ind2=" ">
    <subfield code="a">"Unmonumental: The Object in the 21st Century" is the first exhibition in the "Unmonumental" cycle, and explores the reinvention of sculptural assemblage. Using found, fragmented, and discarded materials, the works of the artists on view make a case for modesty, informality, and improvisation. The exhibition includes more than one hundred objects by thirty artists who represent a wide range of backgrounds and artistic strategies.</subfield>
  </datafield>
  <datafield tag="650" ind1="1" ind2="0">
    <subfield code="a">Sculpture, Modern</subfield>
    <subfield code="y">21st century</subfield>
    <subfield code="9">4970</subfield>
  </datafield>
  <datafield tag="650" ind1="1" ind2="0">
    <subfield code="a">Assemblage (Art)</subfield>
    <subfield code="9">4971</subfield>
  </datafield>
  <datafield tag="700" ind1="1" ind2=" ">
    <subfield code="a">Flood, Richard,</subfield>
    <subfield code="d">1943-</subfield>
    <subfield code="9">4972</subfield>
  </datafield>
  <datafield tag="710" ind1="2" ind2=" ">
    <subfield code="a">New Museum (New York, N.Y.)</subfield>
    <subfield code="9">4973</subfield>
  </datafield>
  <datafield tag="942" ind1=" " ind2=" ">
    <subfield code="a">SADA</subfield>
    <subfield code="c">BK</subfield>
    <subfield code="k">730.973 UNM 2007</subfield>
    <subfield code="2">ddc</subfield>
  </datafield>
  <datafield tag="999" ind1=" " ind2=" ">
    <subfield code="c">353237</subfield>
    <subfield code="d">353237</subfield>
  </datafield>
  <datafield tag="952" ind1=" " ind2=" ">
    <subfield code="0">0</subfield>
    <subfield code="1">0</subfield>
    <subfield code="2">ddc</subfield>
    <subfield code="4">0</subfield>
    <subfield code="7">0</subfield>
    <subfield code="a">SADA</subfield>
    <subfield code="b">SADA</subfield>
    <subfield code="d">2011-06-28</subfield>
    <subfield code="l">6</subfield>
    <subfield code="m">7</subfield>
    <subfield code="o">730.973 UNM 2007</subfield>
    <subfield code="p">SADA0001411</subfield>
    <subfield code="r">2016-01-07</subfield>
    <subfield code="s">2015-12-09</subfield>
    <subfield code="v">4329.00</subfield>
    <subfield code="w">2011-08-05</subfield>
    <subfield code="y">BK</subfield>
    <subfield code="k">BOOK</subfield>
  </datafield>
</record>
